000 00565nam a2200217Ia 4500
003 OSt
005 20221007070222.0
006 a|||||r|||| 00| 0
007 ta
008 221006b |||||||| |||| 00| 0 eng d
024 _a14,658
037 _cTextual
040 _aFLL
_cFLL
_beng
041 _2eng
_aeng
082 _aX:9, L1
245 0 _aEmployers and workers participation in planning
260 _aGeneva
_bInternational labour office U.S.A.
_c1971
300 _a247p
_ccm.
942 _hX:9, L1
_cTEXL
_2CC
999 _c1139840
_d1139840